[Event "VIII Floripa Chess Open 2022 - LIRA - mesa 1 a 205 - HOTEL FAIAL - 206 a 246"]
[Site "Lira Tênis Clube - Florianópolis/SC"]
[Date "2022.01.27"]
[Round "5"]
[Board "26"]
[White "Boff, Lucas Strauss"]
[Black "Terao, Juliana Sayumi"]
[Result "1-0"]
[WhiteElo "2023"]
[BlackElo "2257"]
[PlyCount "87"]
[EventDate "2022.01.24"]
[EventRounds "10"]
[EventCountry "BRA"]

1. Nf3 d5 2. c4 dxc4 3. e4 Bg4 4. Bxc4 e6 5. Qb3 Bxf3 6. Qxf3 Nc6 7. Nc3 a6 8.
O-O Nd4 9. Qd1 Ne7 10. d3 Nec6 11. Be3 Bc5 12. Qh5 Ba7 13. Rac1 Qf6 14. a3 Qg6
15. Qh3 h5 16. Kh1 Qg4 17. f4 Qxh3 18. gxh3 g6 19. f5 gxf5 20. exf5 Nxf5 21.
Bg5 Nce7 22. Bf6 Rh6 23. Ne4 Kd7 24. Be5 Nc6 25. Bf4 Rg6 26. Ng5 Ke7 27. Bxa6
bxa6 28. Rxc6 Bb6 29. Nf3 Ra7 30. Rfc1 Rb7 31. b4 Nd6 32. a4 a5 33. b5 f6 34.
Nd2 e5 35. Bg3 Nf5 36. Ne4 h4 37. Bxe5 fxe5 38. Rxg6 Be3 39. Rcc6 Nd4 40. Rg7+
Kd8 41. Rf6 Ke8 42. Rff7 Rb6 43. Rxc7 Kf8 44. Rgf7+  1-0

[Event "VIII Floripa Chess Open 2022 - LIRA - mesa 1 a 205 - HOTEL FAIAL - 206 a 246"]
[Site "Lira Tênis Clube - Florianópolis/SC"]
[Date "2022.01.27"]
[Round "5"]
[Board "27"]
[White "Labussiere, Yago"]
[Black "De Saboya E Silva, Jose Frederic"]
[Result "1-0"]
[WhiteElo "2257"]
[BlackElo "1999"]
[PlyCount "125"]
[EventDate "2022.01.24"]
[EventRounds "10"]
[EventCountry "BRA"]

1. c4 c5 2. Nf3 Nc6 3. d4 cxd4 4. Nxd4 g6 5. e4 Bg7 6. Be3 Nf6 7. Nc3 d6 8. Be2
O-O 9. O-O a5 10. Ndb5 Nd7 11. Qd2 Nc5 12. f4 b6 13. Rad1 Bb7 14. Bf3 Na7 15.
Nxa7 Rxa7 16. e5 Bxf3 17. Rxf3 Rd7 18. Bxc5 bxc5 19. Nb5 Qa8 20. exd6 exd6 21.
f5 Qd8 22. Nc3 Bd4+ 23. Kh1 Bxc3 24. Rxc3 Re8 25. h3 Qh4 26. fxg6 hxg6 27. Rf1
Re6 28. b3 Rde7 29. Rcf3 a4 30. Qa5 Kg7 31. Qxa4 Re1 32. Qa5 Rxf1+ 33. Rxf1 Qg3
34. Qd2 f5 35. Kg1 Re3 36. Qf2 Qe5 37. Qf4 Qe6 38. Rd1 Re1+ 39. Rxe1 Qxe1+ 40.
Kh2 Qd1 41. Qe3 Kf7 42. Kg3 Kf6 43. Kf2 Qc2+ 44. Qe2 Qc3 45. Kg1 Qd4+ 46. Kh2
Qc3 47. Qf2 g5 48. Qg3 Qd4 49. h4 Qd2 50. Qf3 Ke6 51. Kg1 Qe1+ 52. Kh2 Qd2 53.
Qg3 Kf6 54. Qf3 Ke6 55. Qf1 f4 56. Qf3 Ke5 57. Qh5 Kf5 58. a4 Qe3 59. Qxg5+ Ke6
60. a5 Qd2 61. Qd5+ Qxd5 62. cxd5+ Kxd5 63. h5  1-0

[Event "VIII Floripa Chess Open 2022 - LIRA - mesa 1 a 205 - HOTEL FAIAL - 206 a 246"]
[Site "Lira Tênis Clube - Florianópolis/SC"]
[Date "2022.01.27"]
[Round "5"]
[Board "29"]
[White "Caetano, Ryan Wesley Da Costa"]
[Black "Ferreira, Andrei Dias"]
[Result "1/2-1/2"]
[WhiteElo "2217"]
[BlackElo "1978"]
[PlyCount "83"]
[EventDate "2022.01.24"]
[EventRounds "10"]
[EventCountry "BRA"]

1. d4 Nf6 2. c4 e6 3. Nc3 Bb4 4. e3 O-O 5. Nge2 Re8 6. a3 Bf8 7. e4 d5 8. e5
Nfd7 9. cxd5 exd5 10. b4 c6 11. Ng3 b6 12. Be2 Bb7 13. Rb1 Qc8 14. O-O c5 15.
bxc5 bxc5 16. Nb5 Ba6 17. Nf5 Bxb5 18. Bxb5 a6 19. Ba4 Nc6 20. Bf4 Re6 21. Qf3
g6 22. Bxc6 Qxc6 23. Ne3 Rc8 24. Rfc1 c4 25. Nxd5 Bxa3 26. Rc3 Bf8 27. h4 a5
28. Rbc1 Qb5 29. Ne3 Rec6 30. d5 Rc5 31. Qe4 Nb6 32. Rb1 Qa6 33. e6 Re8 34.
exf7+ Kxf7 35. Qf3 Kg8 36. h5 Bg7 37. Rcc1 a4 38. hxg6 hxg6 39. Qg4 Nxd5 40.
Qd7 Nf6 41. Qd4 Ne4 42. Qd7  1/2-1/2

[Event "VIII Floripa Chess Open 2022 - LIRA - mesa 1 a 205 - HOTEL FAIAL - 206 a 246"]
[Site "Lira Tênis Clube - Florianópolis/SC"]
[Date "2022.01.27"]
[Round "5"]
[Board "30"]
[White "Tomiello, Mateus Costamilan"]
[Black "Pereira, Silvio Cunha"]
[Result "1-0"]
[WhiteElo "2004"]
[BlackElo "2217"]
[PlyCount "105"]
[EventDate "2022.01.24"]
[EventRounds "10"]
[EventCountry "BRA"]

1. d4 Nf6 2. c4 g6 3. g3 Bg7 4. Bg2 d6 5. Nf3 c6 6. O-O O-O 7. Nc3 Nbd7 8. e4
e5 9. d5 c5 10. Ne1 Ne8 11. Nd3 a6 12. Rb1 Nc7 13. b4 b5 14. bxc5 bxc4 15. Nb4
Nxc5 16. Nc6 Qe8 17. Ba3 Bd7 18. Bxc5 dxc5 19. Na5 Nb5 20. Qd2 Na3 21. Rb7 Qc8
22. d6 Rb8 23. Nd5 Qe8 24. Qe3 Rxb7 25. Nxb7 Nb5 26. Qxc5 Qb8 27. Qb6 Kh8 28.
a4 Nd4 29. Nc5 Bc6 30. Qxb8 Rxb8 31. Ne7 c3 32. Nxc6 Nxc6 33. Rc1 Nd4 34. Bf1
c2 35. d7 Bh6 36. f4 exf4 37. Bxa6 Rd8 38. Bb5 f3 39. Rxc2 Nxc2 40. Nb7 Be3+
41. Kf1 Bb6 42. a5 Ne3+ 43. Kf2 Ng4+ 44. Kxf3 Ne5+ 45. Kf4 Rb8 46. Kxe5 Bc7+
47. Nd6 Rxb5+ 48. Kf6 Bd8+ 49. Kxf7 Rxa5 50. Kf8 h5 51. Nf7+ Kh7 52. Nxd8 Ra8
53. Ke7  1-0

[Event "VIII Floripa Chess Open 2022 - LIRA - mesa 1 a 205 - HOTEL FAIAL - 206 a 246"]
[Site "Lira Tênis Clube - Florianópolis/SC"]
[Date "2022.01.27"]
[Round "5"]
[Board "31"]
[White "Reichert, Thiago Da Cruz"]
[Black "Brito, Luismar"]
[Result "1-0"]
[WhiteElo "1986"]
[BlackElo "2215"]
[PlyCount "53"]
[EventDate "2022.01.24"]
[EventRounds "10"]
[EventCountry "BRA"]

1. d4 b6 2. Nf3 Bb7 3. g3 e6 4. Bg2 f5 5. O-O Nf6 6. c4 Be7 7. Nc3 O-O 8. b3
Qe8 9. Qd2 Nc6 10. Ne5 Nd8 11. Nb5 Bd6 12. Nxd6 cxd6 13. Nf3 Nf7 14. Ba3 h6 15.
Rac1 Rc8 16. Rfd1 g5 17. Nxg5 Bxg2 18. Nxf7 Ba8 19. Nxd6 Qh5 20. f3 Rcd8 21.
Qf4 Kh7 22. Qe5 Qh3 23. d5 Rg8 24. Qxf6 Rxg3+ 25. hxg3 Qxg3+ 26. Kf1 Rg8 27.
Qd4 {IlegÃ­vel (30 lances)}  1-0

[Event "VIII Floripa Chess Open 2022 - LIRA - mesa 1 a 205 - HOTEL FAIAL - 206 a 246"]
[Site "Lira Tênis Clube - Florianópolis/SC"]
[Date "2022.01.27"]
[Round "5"]
[Board "32"]
[White "Gazola, Vanessa Ramos"]
[Black "Do Valle Cardoso, Lucas"]
[Result "0-1"]
[WhiteElo "1976"]
[BlackElo "2214"]
[PlyCount "100"]
[EventDate "2022.01.24"]
[EventRounds "10"]
[EventCountry "BRA"]

1. d4 d5 2. c4 dxc4 3. Nf3 Nf6 4. e3 b5 5. a4 b4 6. Bxc4 e6 7. O-O Be7 8. Qe2
O-O 9. b3 Nbd7 10. Nbd2 c5 11. Bb2 Bb7 12. Rfd1 Rc8 13. Rac1 Qc7 14. Ba6 Rfd8
15. h3 Qb8 16. Bxb7 Qxb7 17. Nc4 Ne4 18. Nfd2 Nc3 19. Bxc3 bxc3 20. Rxc3 cxd4
21. exd4 Bb4 22. Rg3 Nf6 23. Qe5 Be7 24. Nf1 g6 25. Rgd3 Nd5 26. Qe4 Qb4 27.
Qf3 Bg5 28. g3 Bf6 29. Nfe3 Bg7 30. Ng4 h5 31. Nh2 Rc7 32. Nf1 h4 33. Nfd2 hxg3
34. fxg3 Nb6 35. Qf4 Rcd7 36. Ne5 Bxe5 37. Qxe5 Rd5 38. Qf4 Rxd4 39. Rxd4 Rxd4
40. Qb8+ Kg7 41. Qe5+ Kh7 42. Rf1 Rd7 43. Nf3 Nd5 44. Ng5+ Kg8 45. Qe4 Qxb3 46.
Qh4 f6 47. Nf3 Qe3+ 48. Kh1 Qe2 49. Nh2 Ne3 50. Qe4 Nxf1  0-1

[Event "VIII Floripa Chess Open 2022 - LIRA - mesa 1 a 205 - HOTEL FAIAL - 206 a 246"]
[Site "Lira Tênis Clube - Florianópolis/SC"]
[Date "2022.01.27"]
[Round "5"]
[Board "33"]
[White "Tamarozi, Isabelle"]
[Black "Guimaraes, Wagner Peixoto"]
[Result "0-1"]
[WhiteElo "1970"]
[BlackElo "2194"]
[PlyCount "136"]
[EventDate "2022.01.24"]
[EventRounds "10"]
[EventCountry "BRA"]

1. e4 c5 2. Nf3 d6 3. d4 cxd4 4. Nxd4 Nf6 5. Nc3 a6 6. Be2 e6 7. a4 Be7 8. O-O
O-O 9. Be3 Nc6 10. f4 Qc7 11. Bf3 Bd7 12. Nb3 b6 13. g4 Bc8 14. g5 Nd7 15. Bg2
Re8 16. Rf3 Rb8 17. Rh3 g6 18. Qe1 Nb4 19. Nd4 e5 20. Qh4 Nf8 21. f5 exd4 22.
Bxd4 h5 23. Rf1 Nh7 24. Bf6 Qc4 25. Bf3 Nxf6 26. gxf6 Qd4+ 27. Kh1 Qxf6 28. Qg3
h4 29. Qg2 Qg7 30. Rg1 Bf6 31. Qg4 Qh6 32. Be2 Bxc3 33. bxc3 Rxe4 34. Qxe4 Bb7
35. Qxb7 Rxb7 36. cxb4 Re7 37. Bxa6 Re3 38. Rxe3 Qxe3 39. Bb7 Qa3 40. fxg6 fxg6
41. Rxg6+ Kf7 42. Rg4 h3 43. Kg1 Qe3+ 44. Kf1 Qd2 45. Rg3 Qd1+ 46. Kf2 Qxc2+
47. Kf1 Qxh2 48. Rf3+ Kg7 49. a5 bxa5 50. bxa5 Qg2+ 51. Ke1 Qg1+ 52. Ke2 h2 53.
Rf1 Qg4+ 54. Bf3 Qa4 55. Rh1 Qxa5 56. Kf2 d5 57. Rxh2 d4 58. Rh1 Qd2+ 59. Kg3
Kf6 60. Rh5 d3 61. Rd5 Ke6 62. Kg4 Qe3 63. Rd8 Ke7 64. Rd5 d2 65. Bg2 Qe6+ 66.
Kf4 Qxd5 67. Bxd5 d1=Q 68. Ke5 Qh5+  0-1

[Event "VIII Floripa Chess Open 2022 - LIRA - mesa 1 a 205 - HOTEL FAIAL - 206 a 246"]
[Site "Lira Tênis Clube - Florianópolis/SC"]
[Date "2022.01.27"]
[Round "5"]
[Board "34"]
[White "Nogueira, Ivan Kuhlmann"]
[Black "Valim, Luiz Claudio"]
[Result "1/2-1/2"]
[WhiteElo "2186"]
[BlackElo "1970"]
[PlyCount "34"]
[EventDate "2022.01.24"]
[EventRounds "10"]
[EventCountry "BRA"]

1. e4 c5 2. d4 cxd4 3. c3 dxc3 4. Nxc3 d6 5. Bc4 e6 6. Nf3 Nc6 7. O-O Be7 8.
Qe2 Nf6 9. Rd1 e5 10. Be3 O-O 11. h3 h6 12. Nh4 Na5 13. Bb5 a6 14. Ba4 b5 15.
Bc2 Nc4 16. Bc1 Be6 17. Qf3 Rc8  1/2-1/2

[Event "VIII Floripa Chess Open 2022 - LIRA - mesa 1 a 205 - HOTEL FAIAL - 206 a 246"]
[Site "Lira Tênis Clube - Florianópolis/SC"]
[Date "2022.01.27"]
[Round "5"]
[Board "35"]
[White "Ferreira, Thales Bond Dias"]
[Black "Torres, Federico"]
[Result "1-0"]
[WhiteElo "1970"]
[BlackElo "2170"]
[PlyCount "81"]
[EventDate "2022.01.24"]
[EventRounds "10"]
[EventCountry "BRA"]

1. e4 d6 2. d4 Nf6 3. Nc3 e5 4. Nf3 Nbd7 5. Be2 c6 6. h3 Qc7 7. a4 a5 8. Be3
Be7 9. Qd2 b6 10. O-O h6 11. Nh2 g5 12. Ng4 Nf8 13. d5 Bxg4 14. hxg4 c5 15. g3
Ng6 16. Bb5+ Kf8 17. f3 Kg7 18. Kg2 Rag8 19. Rh1 Kf8 20. Rh2 h5 21. gxh5 Nxh5
22. Rah1 Qd8 23. Rxh5 Nh4+ 24. R1xh4 gxh4 25. Bh6+ Rxh6 26. Qxh6+ Rg7 27. Qh8+
Rg8 28. g4 Bg5 29. Qh7 Rg6 30. Ne2 Ke7 31. Ng1 Qc8 32. Rxg5 Rxg5 33. Qxh4 Qg8
34. Nh3 f6 35. Nxg5 Qxg5 36. Qxg5 fxg5 37. Kf2 Kf6 38. Ke2 Ke7 39. Kd3 Kf6 40.
Kc4 Ke7 41. Be8  1-0

[Event "VIII Floripa Chess Open 2022 - LIRA - mesa 1 a 205 - HOTEL FAIAL - 206 a 246"]
[Site "Lira Tênis Clube - Florianópolis/SC"]
[Date "2022.01.27"]
[Round "5"]
[Board "36"]
[White "Silva, Kaua Marques"]
[Black "Lima, Vinicius Taishun"]
[Result "1-0"]
[WhiteElo "2170"]
[BlackElo "1952"]
[PlyCount "95"]
[EventDate "2022.01.24"]
[EventRounds "10"]
[EventCountry "BRA"]

1. d4 Nf6 2. Nc3 d5 3. Bf4 c6 4. e3 Bf5 5. Be2 e6 6. g4 Bg6 7. h4 h5 8. g5 Ne4
9. Nxe4 Bxe4 10. Rh2 Qb6 11. Qc1 Nd7 12. Nf3 Bxf3 13. Bxf3 g6 14. c3 Bg7 15.
Be2 e5 16. Bg3 Rc8 17. a4 a5 18. Qd2 O-O 19. Kf1 exd4 20. exd4 c5 21. Rd1 cxd4
22. cxd4 Rfe8 23. Bb5 Re7 24. f3 Nf8 25. Qf4 Rec7 26. Qe3 Rc2 27. Rxc2 Rxc2 28.
Qb3 Rc8 29. Bc4 Qxb3 30. Bxb3 Ne6 31. Bf2 Rd8 32. Be3 Kf8 33. Ke2 Ke8 34. Kd3
Rd6 35. Kc2 f5 36. Kb1 Kd8 37. Bf2 Rd7 38. Bc2 Ke7 39. Bd3 Rc7 40. Bb5 Rc8 41.
Bf1 Ke8 42. Rd3 Rc4 43. Rb3 Rb4 44. Bb5+ Kd8 45. Re3 Nc7 46. Be1 Rxd4 47. Bxa5
Kc8 48. Bxc7  1-0

[Event "VIII Floripa Chess Open 2022 - LIRA - mesa 1 a 205 - HOTEL FAIAL - 206 a 246"]
[Site "Lira Tênis Clube - Florianópolis/SC"]
[Date "2022.01.27"]
[Round "5"]
[Board "37"]
[White "Kim, Thiago"]
[Black "Caetano, Hugo Zanotti Mendonca"]
[Result "0-1"]
[WhiteElo "1943"]
[BlackElo "2161"]
[PlyCount "65"]
[EventDate "2022.01.24"]
[EventRounds "10"]
[EventCountry "BRA"]

1. e4 c5 2. Nf3 d6 3. d4 cxd4 4. Nxd4 Nf6 5. Nc3 g6 6. Be3 Bg7 7. f3 O-O 8. Qd2
Nc6 9. O-O-O d5 10. Qe1 e5 11. Nxc6 bxc6 12. exd5 Nxd5 13. Bc4 Be6 14. Kb1
Nxc3+ 15. Qxc3 Qe7 16. Bb3 Rfc8 17. Bc5 Qe8 18. Bxe6 Qxe6 19. Rd6 Qe8 20. Rhd1
e4 21. Qc4 Qe5 22. Qd4 exf3 23. gxf3 Qf5 24. Qf2 Bf8 25. Bxa7 Bxd6 26. Rxd6 Qa5
27. Bd4 Qxa2+ 28. Kc1 Rd8 29. Rxd8+ Rxd8 30. Qh4 Qd5 31. c3 c5 32. Qxd8+ Qxd8
33. Bxc5  0-1

[Event "VIII Floripa Chess Open 2022 - LIRA - mesa 1 a 205 - HOTEL FAIAL - 206 a 246"]
[Site "Lira Tênis Clube - Florianópolis/SC"]
[Date "2022.01.27"]
[Round "5"]
[Board "38"]
[White "Carstens Dobuchak, Thiago"]
[Black "Bonvini, Alberto Tonhati"]
[Result "1-0"]
[WhiteElo "2153"]
[BlackElo "1941"]
[PlyCount "33"]
[EventDate "2022.01.24"]
[EventRounds "10"]
[EventCountry "BRA"]

1. e4 e5 2. Nf3 Nc6 3. Nc3 Bc5 4. Nxe5 Nxe5 5. d4 Bxd4 6. Qxd4 Qf6 7. Be3 Ng4
8. Nd5 Qxd4 9. Bxd4 N4f6 10. Nxc7+ Kd8 11. Nxa8 b6 12. f3 Nh6 13. g4 Re8 14.
O-O-O Bb7 15. Nxb6 axb6 16. Bxb6+ Kc8 17. g5  1-0

[Event "VIII Floripa Chess Open 2022 - LIRA - mesa 1 a 205 - HOTEL FAIAL - 206 a 246"]
[Site "Lira Tênis Clube - Florianópolis/SC"]
[Date "2022.01.27"]
[Round "5"]
[Board "39"]
[White "Montanu, Dan-Vladimir"]
[Black "Vargas, Gabriela"]
[Result "1/2-1/2"]
[WhiteElo "1940"]
[BlackElo "2152"]
[PlyCount "83"]
[EventDate "2022.01.24"]
[EventRounds "10"]
[EventCountry "BRA"]

1. d4 d5 2. c4 c6 3. Nc3 Nf6 4. e3 e6 5. Bd3 Bd6 6. Nf3 Nbd7 7. O-O O-O 8. e4
dxe4 9. Nxe4 Nxe4 10. Bxe4 c5 11. Bc2 h6 12. Qd3 Nf6 13. Rd1 Qc7 14. b3 Rd8 15.
Kh1 Bf4 16. Bxf4 Qxf4 17. Qe3 Qxe3 18. fxe3 Ng4 19. Re1 b6 20. h3 Nf6 21. Rad1
Bb7 22. Rd2 Kf8 23. Kg1 Be4 24. Bxe4 Nxe4 25. Rd3 f6 26. Nd2 Nxd2 27. Rxd2 Rd7
28. Red1 Rad8 29. Kf2 Ke7 $11 30. Kf3 g6 31. g3 h5 32. a3 a5 33. a4 f5 34. h4
e5 35. d5 e4+ 36. Kf4 Kf6 37. d6 Re8 38. Rd5 Re6 39. R1d2 Re8 40. Rd1 Re6 41.
R1d2 Re8 42. Rd1 $11  1/2-1/2

[Event "VIII Floripa Chess Open 2022 - LIRA - mesa 1 a 205 - HOTEL FAIAL - 206 a 246"]
[Site "Lira Tênis Clube - Florianópolis/SC"]
[Date "2022.01.27"]
[Round "5"]
[Board "40"]
[White "Gamarra, Ramon"]
[Black "Tomiello, Lucas Costamilan"]
[Result "0-1"]
[WhiteElo "1937"]
[BlackElo "2146"]
[PlyCount "78"]
[EventDate "2022.01.24"]
[EventRounds "10"]
[EventCountry "BRA"]

1. d4 Nf6 2. c4 g6 3. Nc3 d5 4. e3 Bg7 5. Nf3 O-O 6. Be2 dxc4 7. O-O c5 8. Bxc4
Nc6 9. dxc5 Qa5 10. Qe2 Qxc5 11. h3 Na5 12. Bd3 Be6 13. Nd4 Bc4 14. Bxc4 Qxc4
15. Qxc4 Nxc4 16. b3 Nb6 17. Ba3 Rfc8 18. Rac1 Nfd5 19. Ne4 Bxd4 20. exd4 Nf4
21. Ng3 Nbd5 22. Rfd1 a5 23. Kf1 a4 24. Rxc8+ Rxc8 25. Rc1 Ra8 26. b4 Nd3 27.
Rc4 b5 28. Rc6 N3xb4 29. Rc5 Rb8 30. Ne4 Nxa2 31. Rxd5 b4 32. Ra5 bxa3 33. Rxa4
Rb1+ 34. Ke2 Nc1+ 35. Kd2 a2 36. Kc2 a1=Q 37. Rxa1 Rxa1 38. Kb2 Ra2+ 39. Kxc1
Re2  0-1

[Event "VIII Floripa Chess Open 2022 - LIRA - mesa 1 a 205 - HOTEL FAIAL - 206 a 246"]
[Site "Lira Tênis Clube - Florianópolis/SC"]
[Date "2022.01.27"]
[Round "5"]
[Board "41"]
[White "Francisco Guecamburu, Candela Be"]
[Black "Jorge, Denrick Cabral Jose"]
[Result "1-0"]
[WhiteElo "2146"]
[BlackElo "1901"]
[PlyCount "120"]
[EventDate "2022.01.24"]
[EventRounds "10"]
[EventCountry "BRA"]

1. e4 c5 2. Nf3 d6 3. Bb5+ Bd7 4. Bxd7+ Qxd7 5. c4 Nc6 6. d4 cxd4 7. Nxd4 Nf6
8. Nc3 g6 9. b3 Bg7 10. Bb2 Qg4 11. Qxg4 Nxg4 12. Nde2 O-O 13. Rd1 a6 14. Na4
b5 15. Bxg7 Kxg7 16. Nb6 Ra7 17. Rd2 Rb8 18. cxb5 axb5 19. Nd5 b4 20. O-O Nf6
21. Nxf6 Kxf6 22. Rc1 Nd8 23. Nd4 Rba8 24. Rcc2 Ra6 25. Kf1 Ne6 26. Nc6 Rb6 27.
Rc4 Rc8 28. Nxe7 Rxc4 29. Nd5+ Ke5 30. bxc4 Rc6 31. f3 Rxc4 32. Kf2 f5 33. Nb6
Rd4 34. Nd7+ Kf4 35. g3+ Kg5 36. f4+ Kg4 37. Nf6+ Kh3 38. Rxd4 Nxd4 39. Nxh7
fxe4 40. Ng5+ Kxh2 41. Nxe4 Nb5 42. g4 d5 43. Ng5 Nd6 44. Kf3 d4 45. Ne4 Nf7
46. Nf2 Nd6 47. Nd3 Nc4 48. f5 gxf5 49. gxf5 Nd6 50. f6 Nf7 51. Nxb4 Kh3 52. a4
Kh4 53. a5 Kg5 54. a6 Ne5+ 55. Ke4 Nd7 56. a7 Nxf6+ 57. Kxd4 Nd7 58. a8=Q Kf6
59. Qc6+ Ke7 60. Nd5+ Ke8  1-0

[Event "VIII Floripa Chess Open 2022 - LIRA - mesa 1 a 205 - HOTEL FAIAL - 206 a 246"]
[Site "Lira Tênis Clube - Florianópolis/SC"]
[Date "2022.01.27"]
[Round "5"]
[Board "42"]
[White "Okamura, Milton Kasuo"]
[Black "Do Nascimento, Christian Almeida"]
[Result "1-0"]
[WhiteElo "1912"]
[BlackElo "2120"]
[PlyCount "93"]
[EventDate "2022.01.24"]
[EventRounds "10"]
[EventCountry "BRA"]

1. d4 d5 2. c4 e6 3. Nc3 Nf6 4. cxd5 exd5 5. Bg5 Be6 6. e3 Nbd7 7. Bd3 c6 8.
Nge2 Bd6 9. Rc1 h6 10. Bh4 Qb8 11. Bg3 O-O 12. O-O Re8 13. Bxd6 Qxd6 14. Nf4
Re7 15. a3 Rae8 16. h3 Nf8 17. Qc2 Bc8 18. b4 a6 19. Na4 Ne4 20. Nc5 f5 21. Be2
g5 22. Nfd3 Rg7 23. Ne5 Ne6 24. Rb1 Rf8 25. a4 N6xc5 26. bxc5 Qf6 27. Bd3 h5
28. f4 g4 29. hxg4 hxg4 30. Bxe4 g3 31. Bf3 a5 32. Rfe1 b5 33. axb5 cxb5 34.
Rxb5 Qh6 35. Rb6 Qh2+ 36. Kf1 Ra7 37. Bxd5+ Kg7 38. Reb1 Rd8 39. Bf3 a4 40.
Rg6+ Kh7 41. Rbb6 Qh1+ 42. Ke2 Qg1 43. Rh6+ Kg8 44. Qa2+ Kf8 45. Rbf6+ Kg7 46.
Rfg6+ Kf8 47. Rh8+  1-0

[Event "VIII Floripa Chess Open 2022 - LIRA - mesa 1 a 205 - HOTEL FAIAL - 206 a 246"]
[Site "Lira Tênis Clube - Florianópolis/SC"]
[Date "2022.01.27"]
[Round "5"]
[Board "43"]
[White "Bail, Ellen Larissa"]
[Black "Lage, Pedro Ferreira"]
[Result "0-1"]
[WhiteElo "1864"]
[BlackElo "2112"]
[PlyCount "46"]
[EventDate "2022.01.24"]
[EventRounds "10"]
[EventCountry "BRA"]

1. d4 f5 2. Nf3 Nf6 3. c4 d6 4. g3 g6 5. Bg2 Bg7 6. b3 O-O 7. Bb2 Qe8 8. Qc2
Nc6 9. a3 e5 10. dxe5 dxe5 11. e3 e4 12. Nd4 Ne5 13. O-O Nd3 14. Bc3 Bd7 15. b4
Rd8 16. Nd2 Ng4 17. Ne2 Nge5 18. Bd4 g5 19. f3 Ba4 20. Qc3 exf3 21. Nxf3 Nxf3+
22. Bxf3 Bxd4 23. exd4 Qe3+  0-1

[Event "VIII Floripa Chess Open 2022 - LIRA - mesa 1 a 205 - HOTEL FAIAL - 206 a 246"]
[Site "Lira Tênis Clube - Florianópolis/SC"]
[Date "2022.01.27"]
[Round "5"]
[Board "44"]
[White "Damous, Felipe Soares"]
[Black "Ribeiro, Fabiano Pinto"]
[Result "1/2-1/2"]
[WhiteElo "2101"]
[BlackElo "1831"]
[PlyCount "94"]
[EventDate "2022.01.24"]
[EventRounds "10"]
[EventCountry "BRA"]

1. Nf3 c5 2. g3 Nc6 3. Bg2 e5 4. d3 g6 5. O-O Bg7 6. c4 d6 7. Nc3 Nge7 8. Rb1
O-O 9. a3 a5 10. Bd2 Rb8 11. Nd5 Nxd5 12. cxd5 Ne7 13. e4 b5 14. Qc1 Bd7 15.
Bh6 f6 16. Bxg7 Kxg7 17. h3 Qc8 18. Kh2 Qa6 19. Nd2 g5 20. f4 gxf4 21. gxf4
exf4 22. Rxf4 Ng6 23. Rf2 Qb6 24. Qc2 Rbc8 25. Rbf1 Qd8 26. Nf3 Qe7 27. Qd2 b4
28. d4 bxa3 29. bxa3 a4 30. dxc5 Rxc5 31. Nd4 Rc4 32. Nf5+ Bxf5 33. Rxf5 Qc7
34. Qf2 Rc2 35. Qg3 Qc3 36. R1f3 Qb2 37. Qg4 Rxg2+ 38. Qxg2 Qxg2+ 39. Kxg2 Nh4+
40. Kf2 Nxf5 41. exf5 Kh6 42. Rf4 Kg5 43. Kf3 Rb8 44. h4+ Kh5 45. Rxa4 Rb3+ 46.
Ke2 Rb5 47. Rd4 h6  1/2-1/2

[Event "VIII Floripa Chess Open 2022 - LIRA - mesa 1 a 205 - HOTEL FAIAL - 206 a 246"]
[Site "Lira Tênis Clube - Florianópolis/SC"]
[Date "2022.01.27"]
[Round "5"]
[Board "45"]
[White "De Siqueira, Luigy Lira"]
[Black "Pereira, Geanfrancesco"]
[Result "1-0"]
[WhiteElo "1853"]
[BlackElo "2100"]
[PlyCount "103"]
[EventDate "2022.01.24"]
[EventRounds "10"]
[EventCountry "BRA"]

1. e4 c5 2. Nf3 d6 3. d4 cxd4 4. Nxd4 Nf6 5. Nc3 a6 6. Bg5 Nbd7 7. f4 g6 8. Qd2
Bg7 9. O-O-O Qc7 10. Be2 b5 11. Bf3 Bb7 12. Rhe1 h6 13. Bh4 e5 14. Ndxb5 axb5
15. Nxb5 Qb6 16. Nxd6+ Kf8 17. Nc4 Qb5 18. Na3 Qc6 19. fxe5 Nxe5 20. Qb4+ Kg8
21. Rd6 Ra5 22. Qd2 Qc5 23. Bxf6 Bxf6 24. Rxf6 Rxa3 25. bxa3 Qxa3+ 26. Kd1 Qb2
27. Rd6 Nc4 28. Rd8+ Kh7 29. Rxh8+ Kxh8 30. Qxh6+ Kg8 31. Ke2 Ba6 32. Kf2 Qd4+
33. Kg3 Nd2 34. h3 Nf1+ 35. Rxf1 Bxf1 36. Qg5 Qb2 37. h4 Qxc2 38. h5 Kg7 39. e5
Bc4 40. Qf6+ Kh7 41. hxg6+ fxg6 42. a3 Qc1 43. a4 g5 44. Kg4 Be6+ 45. Kh5 Qc4
46. Qg6+ Kh8 47. Qh6+ Kg8 48. Qxg5+ Kh8 49. Kh6 Qc7 50. Qf6+ Kg8 51. Qxe6+ Kh8
52. Qe8#  1-0

[Event "VIII Floripa Chess Open 2022 - LIRA - mesa 1 a 205 - HOTEL FAIAL - 206 a 246"]
[Site "Lira Tênis Clube - Florianópolis/SC"]
[Date "2022.01.27"]
[Round "5"]
[Board "116"]
[White "Gomes, Maria Eduarda Papini"]
[Black "Barbosa, Flavio Novais"]
[Result "0-1"]
[WhiteElo "1627"]
[BlackElo "1868"]
[PlyCount "78"]
[EventDate "2022.01.24"]
[EventRounds "10"]
[EventCountry "BRA"]

1. d4 Nf6 2. c4 e6 3. Nc3 d5 4. cxd5 exd5 5. Bg5 Be7 6. e3 O-O 7. Bd3 c6 8. Qc2
h6 9. Bf4 Re8 10. Nf3 Bd6 11. Bg3 Qe7 12. O-O Nbd7 13. Rab1 a5 14. a3 Bxg3 15.
hxg3 b5 16. b4 axb4 17. axb4 Nb6 18. Ne5 Bb7 19. e4 Nc4 20. Bxc4 dxc4 21. Nf3
Nxe4 22. Rfe1 f5 23. Nd2 Qd7 24. Ndxe4 fxe4 25. Nxe4 Qf5 26. Re2 Rad8 27. Nc5
Qxc2 28. Rxc2 Bc8 29. Rd1 Bf5 30. Rcc1 Rd5 31. Nb7 Re4 32. Na5 Bd7 33. Kf1 Kf7
34. Rc2 Rexd4 35. Rxd4 Rxd4 36. Ke2 Ke6 37. Ke3 Rd3+ 38. Kf4 Kf6 39. g4 g5+  0-1

[Event "VIII Floripa Chess Open 2022 - LIRA - mesa 1 a 205 - HOTEL FAIAL - 206 a 246"]
[Site "Lira Tênis Clube - Florianópolis/SC"]
[Date "2022.01.27"]
[Round "5"]
[Board "117"]
[White "Souza, Atahander"]
[Black "Monteiro, Daniel Zotelli"]
[Result "1-0"]
[WhiteElo "1867"]
[BlackElo "1614"]
[PlyCount "99"]
[EventDate "2022.01.24"]
[EventRounds "10"]
[EventCountry "BRA"]

1. b3 d5 2. e3 Nf6 3. Nc3 e5 4. Bb2 c6 5. Nf3 Bd6 6. Be2 Be6 7. d4 e4 8. Ng5
Bd7 9. h4 h6 10. Nh3 g5 11. Qd2 g4 12. Nf4 Bxf4 13. exf4 Qe7 14. Qe3 Bf5 15. a4
Nbd7 16. g3 O-O-O 17. Ba3 Qe6 18. a5 Kb8 19. O-O Ne8 20. b4 Nc7 21. b5 cxb5 22.
Nxb5 Nxb5 23. Bxb5 Rc8 24. Rfc1 Rc7 25. Rab1 Rhc8 26. c3 a6 27. Be2 Ka8 28. Rb3
Qc6 29. Rcb1 Be6 30. Qd2 f5 31. Qb2 h5 32. Kf1 Bf7 33. Ke1 Rb8 34. Kd2 Rbc8 35.
Qa2 Nf6 36. Ke3 Qa4 37. Qb2 Qxb3 38. Qxb3 Rxc3+ 39. Kd2 Rxb3 40. Rxb3 Rc6 41.
Be7 Ne8 42. Rc3 Rxc3 43. Kxc3 Nc7 44. Kb4 Ne6 45. Bc5 Kb8 46. Bd1 Be8 47. Bb6
Bc6 48. Bb3 Kc8 49. Bc5 Kd7 50. Bb6 {illegivel}  1-0

[Event "VIII Floripa Chess Open 2022 - LIRA - mesa 1 a 205 - HOTEL FAIAL - 206 a 246"]
[Site "Lira Tênis Clube - Florianópolis/SC"]
[Date "2022.01.27"]
[Round "5"]
[Board "118"]
[White "Da Cunha, Gastao"]
[Black "Sosa, Alexandro Brum"]
[Result "1/2-1/2"]
[WhiteElo "1602"]
[BlackElo "1864"]
[PlyCount "49"]
[EventDate "2022.01.24"]
[EventRounds "10"]
[EventCountry "BRA"]

1. e4 Nf6 2. Nc3 e5 3. Bc4 Nxe4 4. Qh5 Nd6 5. Qxe5+ Qe7 6. Qxe7+ Bxe7 7. Bb3
Nf5 8. Nf3 Nc6 9. d3 Ncd4 10. Nxd4 Nxd4 11. Bf4 d6 12. Ne4 Bd8 13. Kd2 O-O 14.
Rhe1 Be6 15. Nc3 Nxb3+ 16. axb3 a6 17. f3 Bf6 18. g4 h6 19. Rg1 Rae8 20. Rae1
Bxc3+ 21. Kxc3 Bd5 22. Rxe8 Rxe8 23. Rf1 Re2 24. Bg3 f6 25. f4  1/2-1/2